01013na a2200277 450000100060000000300080000600500170001400800410003104000250007204100080009708200270010509000260013222200350015824501240019324600460031726000220036330000270038561000380041265000440045065000480049474000110054274000460055394200130059995201080061299900150072023073MIRAKIL20181213155148.0170605b tu 000 0  aMilasbturcTR-AnCHP atur aCHP 342.03bİ71 2017 aCHP 342.03 İ71 2017 a2017 Anayasa Değişikliği aİşçilere anayasa değişikliği nasıl anlatılmalı?bEgemenlik milletindir saltanatın değilbHayırcCHP aEgemenlik milletindir saltanatın değil aAnkarabCHPc2017 a49 s.bfotğ.c21 sm. aCHPxAnayasa, 2017yİşçiler aTürkiyexAnayasa, 2017yİşçiler aTürkiyexAnayasa, 2017yDeğişikliği aHayır aEgemenlik milletindir saltanatın değil 2ddccBKS a0001b0001d2017-06-05e2l0oCHP 342.03 İ71 2017p017042r2017-06-05 00:00:00v0.00w2017-06-05yBKS c7772d7772